000 01314cam a2200205 4500
001 ABS63600
008 000000n2001 000 0 eng u
035 _a(Sirsi) u111174
245 _aEgan Lawson Ltd v Standard Life Assurance Co
260 _c2001
490 _aEstates Gazette Law Reports
_v[2001] 08 EG 168-173(6)
520 _aCA 21 November 2000. In 1997 E approached S with details of an investment property not yet on the market. S's investment manager visited the property but rejected it on the grounds that its yield pricing was too high. In October 1997 the property was officially put on the market with Savills. A director of Richard Ellis approached S with details of the property. In November 1997 Richard Ellis made further contact and submitted a lower bid than the asking price. S purchased the property and paid an agreed commission of 1% of the purchase price. Judge found that E was the effective cause of the purchase and was entitled to 1% commission. S appealed. Appeal allowed on grounds that the commission had not been earned.
590 _aABS
650 _aINTRODUCTORY FEES
650 _aEGAN LAWSON LTD V STANDARD LIFE ASSURANCE CO
650 _aEFFECTIVE CAUSE
650 _aESTATE AGENTS' COMMISSION
690 _aPROPERTY AND LAND LAW-AGENCY-CASE LAW
942 _n0
999 _c66227
_d66227